000 00299nam a2200121Ia 4500
008 190216s9999||||xx |||||||||||||| ||und||
100 _aKadannappalli P C K
245 0 _aAgnichirakulla Kaattu
260 _bPoorna Pubs Kozhikode
_c1993
300 _a76p
650 _aMalayalam Nadakam
942 _cBK
999 _c27484
_d27484